Kymenlaakson entiset kunnat - Statistics

Yleistilastot
  • Tätä visaa on pelattu 132 kertaa
  • Keskiarvotulos 8 / 11
Vastaustilastot
Lakkautusvuosi Kunta % Oikein
1975 Anjala
93%
2009 Kuusankoski
79%
2009 Anjalankoski
78%
2009 Valkeala
78%
2009 Elimäki
74%
1977 Karhula
68%
2009 Jaala
65%
1977 Kymi
62%
2003 Vehkalahti
61%
1975 Sippola
60%
1974 Haapasaari
40%
Ehtoja vastaavia visoja ei löytynyt
Tulosjakauma
Jokaisen tuloksen saaneiden osuus
Persentiili vastausten määrän mukaan
Tuloshistoriasi
Et ole pelannut tätä visaa